000 00718nam a22001817a 4500
003 BD-DhUL
005 20180513112013.0
008 180513s1963 ii ||||| |||| 00| 0 ben d
040 _aBD-DhUL
_cBD-DhUL
082 _a891.443
_bMAU
100 1 _aবন্দোপাধ্যায়, মানিক
245 0 0 _aউত্তরকালের গল্প সংগ্রহ /
_cমানিক বন্দোপাধ্যায়
260 _aকলিকাতা :
_bন্যাশনাল বুক এজেন্সি,
_c১৯৬৩।
300 _a৫৩৮ পৃ. ;
_c২২ সেমি.
650 4 _aবাংলা উপন্যাস
650 4 _aBengali fiction
942 _2ddc
_cBK
999 _c241244
_d241244